000 00943nam a2200265 i 4500
001 13497
003 ES-MaACL
005 20230906150608.0
007 t|
008 980423s1997 sp a ||||1| spa d
020 _a84-87136-67-2
080 _a352(460.288 A.).077.6"15"
100 1 _aCarrilero Martínez, Ramón.
_935754
245 1 0 _aOrdenanzas de Albacete del siglo XVI
_b: edición crítica y estudio documental /
_cRamón Carrilero Martínez.
260 _aAlbacete :
_bInstituto de Estudios Albacetenses,
_c1997.
300 _a365 p. :
_bil. ;
_c23 cm.
490 1 _aSerie 0--Corpus, documenta y bibliografía ;
_v7
500 _aÍndices.
504 _aBibliografía : p. 143-146.
650 1 4 _aOrdenanzas municipales-
_zAlbacete.
_9156391
710 2 _aInstituto de Estudios Albacetenses.
_94884
830 0 _aSerie 0--Corpus, documenta y bibliografía ;
_v7
_9179464
852 _aES-MaACL
_jL-20791
999 _c13497
_d13497